| 000 | 00567nam a2200157 a 4500 | ||
|---|---|---|---|
| 001 | 000047979 | ||
| 005 | 20201002060837.0 | ||
| 008 | 181009s2000 dr 000 0 spa d | ||
| 040 |
_aDO-SdBNP _bspa _cBNPHU |
||
| 082 |
_axxx _bxxx |
||
| 245 | 0 | 0 |
_aPrograma de actividades de " Mes de la Patria" la del 26 de enero al 27 de febrero 2000 : _bla patria somos todos. |
| 260 |
_aSanto Domingo : _bCPEP, _c2000. |
||
| 300 |
_a42, p. : ; _c21 cm. |
||
| 590 | _aInventariado, 2019/VM | ||
| 710 | 2 |
_apresidencia de la República _cComisión Permanente de Efemérides Patrias _975495 |
|
| 999 |
_c47467 _d47467 |
||